2. vedecká konferencia doktorandov LF zborník príspevkov z konferencie
Salvato in:
| Enti autori: | , |
|---|---|
| Natura: | Libro |
| Lingua: | slovacco inglese |
| Pubblicazione: |
Košice
Letecká fakulta Technickej univerzity v Košiciach
2012
|
| Edizione: | 1. vydanie |
| Tags: |
Nessun Tag, puoi essere il primo ad aggiungerne!!
|
MARC
| LEADER | 00000nam a2200000 4500 | ||
|---|---|---|---|
| 001 | 0270285 | ||
| 005 | 20240822101714.9 | ||
| 020 | |a 978-80-553-0914-9 | ||
| 041 | 0 | |a slo | |
| 041 | 0 | |a eng | |
| 044 | |a SK | ||
| 245 | 1 | 0 | |a 2. vedecká konferencia doktorandov LF |b zborník príspevkov z konferencie |
| 250 | |a 1. vydanie | ||
| 264 | 1 | |a Košice |b Letecká fakulta Technickej univerzity v Košiciach |c 2012 | |
| 300 | |a [490 s.] | ||
| 110 | 2 | |a 2. vedecká konferencia doktorandov LF. konferencia | |
| 710 | 2 | |a Technická univerzita v Košiciach. Letecká fakulta | |